MARC

LEADER 00000nab a2200000 a 4500
001 vtls000862861
003 SK-MaSNL
005 20260426082945.0
008 250429c2004 xo 0 slo
015 |a SNBRB2004/02-05176 
035 |a CLN000214431 
035 |a (urnnbn)urn:nbn:sk:snk:ar-00663e 
035 |a (uuid)680bc1ae-9b11-4608-867b-70865d844a89 
035 |a urn:nbn:sk:snk-ab82yy 
040 |a SNKBUCL  |b slo  |c SNKBUCL  |e AACR2 
041 0 |a slo 
044 |a xo  |c SK 
080 |a 711.5(437.6):72.012:502:504  |2 1997 
100 1 |a Gindlová, Dana,  |d 1945-  |4 aut  |9 17019 
245 1 0 |a Nearchitekti o architektúre  |c Danka Gindlová, Ivan Kusý 
650 0 7 |a nábrežia  |2 snkbucl  |9 22989 
651 7 |a Bratislava (Slovensko)  |2 snkbucl  |9 14568 
651 7 |a Bratislavské nábrežie (Bratislava, Slovensko)  |x návrhy urbanisticko-architektonické  |x prostredie životné  |x vplyvy  |x prerokovania verejné  |x ohlasy  |2 snkbucl  |9 1436028 
655 7 |a články z novín a časopisov  |2 snkbucl  |9 267496 
700 1 |a Kusý, Ivan,  |d 1921-2000  |4 aut  |9 104521 
773 0 |t Fórum architektúry  |g Roč. 14, č. 1 (2004), s. 10-11  |x 1336-0264 
850 |a Slovenská národná knižnica 
852 |a Slovenská národná knižnica 
954 |a odborná, vedecká literatúra pôvodná (slovenská)  |2 lita 
958 |a article9 
958 |a SK 
958 |a OND 
958 |a EUIPO 
992 |a RBX 
999 |c 2891813  |d 2893743